| LEADER 00000nama 2200000uu 4500 |
| 001 196240 |
| 003 ULIBM |
| 008 040531s|||| th m m a000 0 tha d |
| 020 978-974-7701-90-8
|
| 041 tha
|
| 050 L107 ค485ก 2550
|
| 100 [จัดโดย คณะศึกษาศาสตร์ มหาวิทยาลัยขอนแก่น]
|
| 245 การประชุมสัมมนาการวิจัยการศึกษา ความเคลื่อนไหวของการปฏิรูปการศึกษา : นวัตกรรมทางเทคโนโลยีศึกษา และมุมมองด้านการเรียนการสอน =KKU Conference of Education Research Movement of Education Refrom : Innovation in Technology Education and Pedagogical Perspectives
|
| 260 ขอนแก่น. คณะ. 2550.
|
| 300 491 หน้า.
|
| 600 การศึกษา--การประชุม.
|
| 650 การบริหารองค์ความรู้--การประชุม.
|
| 995 001
|
| 999 ^aใช้งานได้ทุกระบบ
|